Боевое донесение № 013 штаба 47-й армии Черноморской группы войск Закавказского фронта командующему Черноморской группой войск И...

RUSMARC
00005447cbm0a2200313#x 450
001c559d85d-376b-46bd-9aeb-b29dc7b48205
00520240226110640.0
100##$a20240220j19430112k###0rusy50 ca
1010#$arus
102##$aRU
1220#$ad19430112##
2001#$aБоевое донесение № 013 штаба 47-й армии Черноморской группы войск Закавказского фронта командующему Черноморской группой войск И. Е. Петрову о переходе в наступление в направлении Ахтырская - Абинская
$j12 января 1943 г.
251##$cДокумент
300##$aПодлинник
461#0$12001
$aФ. 402
$1251
$cФонд
$1852
$j402
462#0$12001
$aОп. 9575
$1251
$cОпись
$1852
$j9575
462#0$12001
$aД. 214
$vЛ. 12-12об.
$1251
$cДело
$1852
$j214
600#1$2nlr_sh
$3RU\NLR\AUTH\66887777
$aПетров
$gИван Ефимович
$bИ.Е.
$f1896 - 1958
$jДокументы и материалы
60102$2nlr_sh
$3RU\NLR\AUTH\661591687
$aЗакавказский фронт
$c1942 - 1945
$jДокументы и материалы
605##$2prlib_sh
$3LIBNET\UAF\0000088514
$aВторая мировая война в архивных документах (Комплекс оцифрованных архивных документов, кино- и фотоматериалов)
$lколлекция
6061#$2nlr_sh
$3RU\NLR\AUTH\661278910
$aВеликая Отечественная война
$z1941 - 1945
$yКавказ Северный
$jДокументы и материалы
6061#$2nlr_sh
$3RU\NLR\AUTH\6601693359
$aВеликая Отечественная война
$z1941 - 1945
$yАбинский район (Краснодарский край)
$jДокументы и материалы
6061#$2nlr_sh1
$3RU\NLR\AUTH\66178895
$aВеликая Отечественная война
$z1941 - 1945
$xВоенные операции
$yКубань
$z1943
$jДокументы и материалы
686##$a63.3(2)622,12ю11
$vLBC/M
$2rubbk
801#0$aRU
$bПБ им. Б.Н. Ельцина
$c20240220
801#1$aRU
$bПБ им. Б.Н. Ельцина
$c20240220
$2rusmarc
801#2$aRU
$bПБ им. Б.Н. Ельцина
$c20240226
$2rusmarc
850##$aЦентральный архив Министерства обороны Российской Федерации
852##$aЦА МО РФ
$jЛ. 12-12об.
035##$aLIBNET\0001382279
937##$d191101783
$hФедеральное архивное агентство
8564#$uhttp://readingroom.main.prlib.ru/item.aspx?id_node=n191101783&mode=full
Формат отображения